000 00941cam a2200289Ia 4500
999 _c1305
_d1305
001 (OCoLC)56342909
003 OCoLC
005 20230106103631.0
008
015 _aGB95-47528
020 _a9780140372625
035 _z(OCoLC)32699310
040 _aIWP
_cIWP
_dOCLCQ
_dUKM
_dBAKER
_dDVDSN
_dBTCTA
_dTW-KhWUC
_dKH8
041 0 _aeng
044 _axxk
082 0 4 _a823.912 DOY
100 1 _aDoyle, Arthur Conan,
_cSir,
_d1859-1930.
_eAuthor
245 1 4 _aThe mysterious adventures of Sherlock Holmes /
_cSir Arthur Conan Doyle.
260 _aNew York :
_bPuffin,
_c1995.
300 _a246 p. ;
_c20 cm.
440 0 _aPuffin classics.
650 0 _aPrivate investigators
_zEngland
_vFiction.
650 0 _aDetective and mystery stories, English.
650 0 _aHolmes, Sherlock (Fictitious character)
_vFiction.
650 0 _aWatson, John H. (Fictitious character)
_vFiction.
942 _2ddc
_cNFIC